00545pab a2200169 454500008004000000100001800040245012200058260000900180300001500189362000800204650002300212773001500235908000600250909001000256999001700266952009200283180718b2011 xxu||||| |||| 00| 0 eng d aProsser, Tony a"An opportunity to take a more fundamental look at the role of government society": The spending review as regulation c2011 ap.596-616. aJul aPublic expenditure aPublic Law aN a92828 c92828d92828 00104070aIIPAbIIPAd2018-07-19hVolume no: 3, pAR93288r2018-07-19w2018-07-19yAR